000 00228 a2200097 4500
001 35333
100 _aNagrath I J
245 _aControl Systems Engineering
260 _aNew Delhi
_bWiley Eastern Ltd
_c
090 _c23365
_d23365
942 _aNUST-CAE
_cM
_c14853
999 _c270406
_d270406